| 000 | 02770nam a2200697 i 4500 | ||
|---|---|---|---|
| 001 | 22690 | ||
| 003 | KOSZ 005 | ||
| 005 | 20220905101941.0 | ||
| 008 | 220905s1984 pl a f 000 0 pol | ||
| 015 | _aUWD 1984/5203 | ||
| 020 | _a8321331459 | ||
| 020 |
_a8321332048 _qcz. 1 |
||
| 035 | _a991009994649705066 | ||
| 035 | _a(PL-WaBN)b1272726x-48omnis_nlop | ||
| 035 | _ab1272726x | ||
| 035 | _a(OCoLC)830204617 | ||
| 035 | _azz2004949648 | ||
| 035 | _a(PL)b0000001272726 | ||
| 035 | _a(EXLNZ-48OMNIS_NETWORK)9910321634905606 | ||
| 040 |
_aWA N _cWA N _dKOSZ 005/HR _dKOSZ 005/RW |
||
| 046 | _k1984 | ||
| 080 | _a624.04 | ||
| 245 | 0 | 0 |
_aMechanika budowli z elementami ujęcia komputerowego. _nCz. 1 / _ckierownik zespołu autorskiego [i wprowadzenie] Gustaw Rakowski ; [autorzy] Adam Borkowski [et al.] ; [recenzent prof. dr hab. inż. Eugeniusz Bielewicz]. |
| 250 | _aWydanie I. | ||
| 260 |
_aWarszawa : _b"Arkady", _c1984. |
||
| 300 |
_a428 stron : _brysunki, wykresy ; _c25 cm. |
||
| 336 |
_aTekst _btxt _2rdacontent |
||
| 337 |
_aBez urządzenia pośredniczącego _bn _2rdamedia |
||
| 338 |
_aWolumin _bnc _2rdacarrier |
||
| 380 | _aKsiążki | ||
| 380 | _aPublikacje fachowe | ||
| 380 | _aPublikacje dydaktyczne | ||
| 385 |
_mPoziom nauczania _aSzkoły wyższe |
||
| 388 | 1 | _a1901-2000 | |
| 388 | 1 | _a1945-1989 | |
| 504 | _aBibliografia przy rozdziałach. | ||
| 521 | 8 | _aPraca jest przeznaczona dla studentów wydziałów budowlanych, pracowników naukowych i wykładowców wyższych uczelni technicznych. | |
| 650 | 7 |
_aMechanika budowli _2DBN |
|
| 650 | 7 | _aKomputeryzacja | |
| 655 | 7 | _aOpracowanie | |
| 658 | _aArchitektura i budownictwo | ||
| 658 | _aInformatyka i technologie informacyjne | ||
| 700 | 1 |
_aBorkowski, Adam _d(1942- ) _eAutor |
|
| 700 | 1 |
_aBranicki, Czesław _eAutor |
|
| 700 | 1 |
_aCiesielski, Roman _d(1924-2004) _eAutor |
|
| 700 | 1 |
_aGomuliński, Andrzej _d(1936-2008) _eAutor |
|
| 700 | 1 |
_aKączkowski, Zbigniew _d(1921-2018) _eAutor |
|
| 700 | 1 |
_aLanger, Jan _d(1930-1997) _eAutor |
|
| 700 | 1 |
_aOlszowski, Bogdan _eAutor |
|
| 700 | 1 |
_aPrzybyło, Wacław _d(1942- ) _eAutor |
|
| 700 | 1 |
_aRakowski, Gustaw _d(1929-2006) _eAutor |
|
| 700 | 1 |
_aReipert, Zbigniew _d(1927-2006) _eAutor |
|
| 700 | 1 |
_aSawczuk, Antoni _d(1927-1984) _eAutor |
|
| 700 | 1 |
_aWaszczyszyn, Zenon _d(1935- ) _eAutor |
|
| 700 | 1 |
_aWitkowski, Marek _eAutor |
|
| 700 | 1 |
_aBielewicz, Eugeniusz _d(1923- ) _eRecenzja |
|
| 710 | 2 |
_aWydawnictwo Arkady _4pbl |
|
| 856 |
_uhttp://koha.tu.koszalin.pl/cgi-bin/koha/opac-detail.pl?biblionumber=22690 _yKatalog online BPK |
||
| 942 |
_2UKD _cKS |
||
| 999 |
_c22690 _d22690 |
||